000
00317 a2200157 4500
001
176429
020
_a
040
_c
Magnum
100
_a
Salgari, Emilio
240
1
0
_a
O corsario negro
_l
por
245
1
0
_a
O corsario negro
362
0
_a
1899
440
1
_a
Globo
697
_a
MAGNITO: IJ/FICCAO
942
_c
BK
999
_c
176429
_d
176429